| 000 | 00422nam a2200169Ia 4500 | ||
|---|---|---|---|
| 003 | SEM | ||
| 999 |
_c55447 _d55447 |
||
| 005 | 20220608072415.0 | ||
| 008 | 141116s9999 xx 000 0 eng d | ||
| 040 |
_aSEM _cSEM |
||
| 041 | _aeng. | ||
| 080 | _a947.925(084.1)/A-75 | ||
| 245 | 1 | 0 | _aArmenia from Centuries to Eternity. / |
| 260 |
_aYerevan. _bs. n., _c2011. |
||
| 300 |
_a108 p.; _c28 cm |
||
| 650 |
_aArmenia _xhistory _xart |
||
| 942 |
_2udc _cBK |
||